| 000 | 00895nam a2200217 u 4500 | ||
|---|---|---|---|
| 005 | 20250812063923.0 | ||
| 008 | 190403s2011 mx r 000 0 spa d | ||
| 020 | _a9786074670738 | ||
| 035 | _aUPN01000230039 | ||
| 049 | _aLTG | ||
| 050 | 4 |
_aLB2003.4 A1.46 _bE3.8 |
|
| 245 | 0 | 0 |
_aEducación física en educación básica : _bactualidad didáctica y formación continua de docentes / _ccoord. Leopoldo F. Rodríguez Gutiérrez. |
| 260 |
_aMéxico : _bSEP, Comisión Nacional de Libros de Texto Gratuitos, _c2011. |
||
| 300 |
_a140 p. : _btablas |
||
| 440 | 0 | _aTeoría y práctica curricular de la educación básica | |
| 650 | 2 |
_aEducación Física - _xEstudio y enseñanza (Elemental) - _zMéxico _921139 |
|
| 650 | 4 |
_aMAESTROS DE EDUCACION FISICA EN SERVICIO, FORMACION DE _94200 |
|
| 700 | 1 |
_aRodríguez Gutiérrez, Leopoldo Felipe _ecoord. _942795 |
|
| 905 | _aLibro | ||
| 999 |
_c202134 _d202134 |
||